000 00610cam a2200169 a 4500
001 000006982
005 20200929154034.0
008 760223s1969 cu 000 0 spa
040 _aDO-SdBNP
_bspa
_cBNPHU
082 _a923.27291
_bM378tzV
100 1 _aVitier, Cintio,
_d1921-
_98807
245 1 0 _aTemas martianos /
_cCintio Vitier y Fina García Marruz.
260 _aLa Habana :
_bDepartamento Colección Cubana, Biblioteca Nacional José Martí,
_c1969.
300 _a347 p. ;
_c23 cm.
600 1 4 _aMARTÍ, JOSÉ,
_d1853-1895.
_xCRÍTICA E INTERPRETACIÓN
_98805
700 1 _aGarcía Marruz, Fina,
_d1923-
_919415
999 _c6766
_d6766